00789nam a22002177a 4500999001700000003000900017008004100026040007100067082001900138100002000157245003600177260003300213300002800246505010800274650001900382650001900401650001600420942001600436945002000452952009900472 c19157d19157AR-CdUCM190516b ||||| |||| 00| 0 spa d aMUNICIPALIDAD PROVINCIAL DEL CUSCOcBIBLIOTECA MUNICIPAL DEL CUSCO a869.26 /bAN62 aAntonini, M. E. aLos caballeros del rey Arturo / aBuenos Aires :bAcme,c1956. a352 páginas ;c20 cm. aContenido : El mago Merlín -- El dragón blanco y el dragón rojo -- El cáliz resplandeciente ... aLiteratura983 aArgentina9511 aSiglo XX98 2ddccLIBROS arahd2019-05-16 002ddc4070aSHbSIcCARTd2019-05-16g30.00o869.26 / AN62pSH0000014141r2019-05-16yLIBROS